Tokyo Revengers : Enigme Personnages - Statistiques

Statistiques générales
  • Ce quiz a été pris 454 fois
  • Le résultat moyen est 19 sur 26
Statistiques - réponses
Hint Réponse % Correct
G a créé son gang pour aider O Manjiro Sano
94%
B est amoureuse de I Hinata Tachibana
92%
T a le même tatouage que L Ken Ryuguji
91%
I sert la main de R pour remonter dans le temps Takemichi Hanagaki
91%
C est la petite soeur de A et G. Elle est amoureuse de T Emma Sano
88%
F a pour vice-capitaine Q Keisuke Baji
83%
L s'est battu contre W dans une église Mitsuya Takashi
82%
D a pour fond d'écran de téléphone L Hakkai Shiba
81%
R est le frère de B Naoto Tachibana
80%
Q aide I à sauver F Chifuyu Matsuno
79%
W a un petit frère, D et une petite soeur, N Taiju Shiba
79%
A est le frère de G Shinichiro Sano
78%
O a tué A et F Kazutora Hanemiya
76%
S est le grand frère de Z. Il sourit toujours Nahoya Kawata
76%
P est l'ami d'enfance de U. Il a un don pour faire de l'argent Kokonoi Hajime
75%
Z est le petit frère de S Souya Kawata
73%
E est ami avec I. Il veut devenir coiffeur Atsushi Sendo
71%
H est le 8e leader des Blacks Dragons Izana Kurokawa
70%
U a demandé à W de reprendre le gang qu'il admire Seishu Inui
68%
N a pour fond d'écran de téléphone D Yuzuha Shiba
68%
Y règne sur le quartier de Roppongi. C'est le grand frère de K Ran Haitani
64%
M dirige le gang Brahman Senju Kawaragi
59%
V est le grand frère de M et le vice-capitaine de J Sanzu Haruchiyo
57%
X est le servant de H Kakucho Hitto
55%
K brise les articulations de ses adversaires Rindou Haitani
55%
J est chargé de s'occuper des traîtres dans son gang Yasuhiro Muto
54%
Aucun quiz correspondant
Distribution des résultats
% des personnes avec chaque résultat
Percentile par nombre de réponses
Votre historique - résultats
Vous n’avez pas pris ce quiz